[Event "SEMI B021 email"]
[Site "SEMI email"]
[Date "2001.08.20"]
[Round "?"]
[White "Gabucci, Carlo"]
[Black "Mischiati, Giovanni Maria"]
[Result "0-1"]
[WhiteElo "1000"]
[BlackElo "1000"]
[PlyCount "44"]
[EventDate "2001.08.20"]
[EventType "tourn (corr)"]
[EventRounds "4"]
[EventCountry "ITA"]
[SourceTitle "Corr 2008"]
[Source "ChessBase"]
[SourceDate "2008.06.24"]
[SourceVersion "1"]
[SourceVersionDate "2008.06.24"]
[SourceQuality "1"]

1. d4 d5 2. Qd3 Nf6 3. b3 e6 4. Bg5 Be7 5. Nf3 0-0 6. e3 Nbd7 7. c4 c6 8. h4 Ne4 9. Nbd2 f5 10. cxd5 exd5 11. Ne5 Bxg5 12. hxg5 Qxg5 13. f4 Qg3+ 14. Ke2 Ndf6 15. Rh3 Qf2+ 16. Kd1 Qxd2+ 17. Qxd2 Nxd2 18. Kxd2 Ne4+ 19. Kc2 Be6 20. Bd3 Rf6 21. a4 a6 22. Rah1 h6 0-1